In Pursuit of a Mythical State of Tamil Ealam (Record no. 2282)

MARC details
000 -LEADER
fixed length control field 007560000a22001930004500
003 - CONTROL NUMBER IDENTIFIER
control field LK-CoMWRAF
008 - FIXED-LENGTH DATA ELEMENTS--GENERAL INFORMATION
fixed length control field 230817t ||||| |||| 00| 0 eng d
040 ## - CATALOGING SOURCE
Original cataloging agency LK-CoMWRAF
Modifying agency LK-CoMWRAF
Description conventions LK-CoMWRAF
041 ## - LANGUAGE CODE
Language code of text/sound track or separate title English
942 ## - ADDED ENTRY ELEMENTS (KOHA)
Koha item type Books
100 ## - MAIN ENTRY--PERSONAL NAME
Personal name Sarvananthan, Muttukrishna
245 ## - TITLE STATEMENT
Title In Pursuit of a Mythical State of Tamil Ealam
Remainder of title Rejoinder to Kristian Stokke - A Long Distance Propagandist (Special Issue)
260 ## - PUBLICATION, DISTRIBUTION, ETC. (IMPRINT)
Name of publisher, distributor, etc. Point Pedro Institute of Development
Place of publication, distribution, etc. Point Pedro (Sri Lanka)
Date of publication, distribution, etc. 2006
300 ## - PHYSICAL DESCRIPTION
Extent p.16
490 ## - SERIES STATEMENT
Series statement PPID Working Paper Series
650 ## - SUBJECT ADDED ENTRY--TOPICAL TERM
Topical term or geographic name as entry element Areas and Population under the LTTE: Facts and Fiction
650 ## - SUBJECT ADDED ENTRY--TOPICAL TERM
Topical term or geographic name as entry element Core Functions of Modern State: Security, Welfare, and Representation
650 ## - SUBJECT ADDED ENTRY--TOPICAL TERM
Topical term or geographic name as entry element Freedom Fighters versus Terrorists
Holdings
Withdrawn status Lost status Damaged status Not for loan Permanent Location Current Location Date acquired Barcode Koha item type
        Resource center, Muslim Women's Research And Action Forum Resource center, Muslim Women's Research And Action Forum 2023-08-17 RAF4469 Books

Copyright © 2023 Muslim Women's Research and Action Forum (MWRAF), No 27/3, Anderson Road, Kalubowila, Dehiwela. Funded by The Asia Fundation